[Event "EU-ch U16"]
[Site "Bratislava"]
[Date "2019.08.06"]
[Round "5"]
[White "Woltery, Nicolai"]
[Black "Ampelakiotis, Stavros"]
[Result "0-1"]
[WhiteElo "1918"]
[BlackElo "2080"]
[PlyCount "84"]
[EventDate "2019.08.02"]
[EventType "swiss"]
[EventRounds "9"]
[EventCountry "SVK"]
[SourceTitle "CBM 191 Extra"]
[Source "ChessBase"]
[SourceDate "2019.09.30"]
[SourceVersion "1"]
[SourceVersionDate "2019.09.30"]
[SourceQuality "1"]

1. d4 Nf6 2. c4 e6 3. Nc3 Bb4 4. Qc2 0-0 5. Nf3 c5 6. dxc5 Na6 7. g3 Nxc5 8. Bg2 Bxc3+ 9. Qxc3 b6 10. 0-0 Bb7 11. Rd1 Qe7 12. Bf4 d5 13. Rac1 Nce4 14. Qc2 Rac8 15. Nd2 Nxd2 16. Qxd2 Rfd8 17. cxd5 Bxd5 18. Rxc8 Rxc8 19. Bxd5 Nxd5 20. e4 Nxf4 21. Qxf4 h6 22. Qd6 Qf6 23. e5 Qf5 24. Qd4 Rc2 25. Kg2 Re2 26. Rd2 Rxe5 27. Qd8+ Kh7 28. Qc7 Qe4+ 29. f3 Qe1 30. Qc2+ f5 31. Rf2 Rc5 32. Qe2 Rc1 33. Qxe1 Rxe1 34. Rd2 e5 35. Kf2 Rc1 36. Ke3 Re1+ 37. Kd3 e4+ 38. fxe4 fxe4+ 39. Kc3 Kg6 40. Rd5 Kf6 41. Rd7 e3 42. Rxa7 Rd1 0-1